The loop / (Record no. 529802)

000 -LEADER
fixed length control field 01332cam a2200361 a 4500
001 - CONTROL NUMBER
control field 4032626
003 - CONTROL NUMBER IDENTIFIER
control field NUST
005 - DATE AND TIME OF LATEST TRANSACTION
control field 20191003120820.0
008 - FIXED-LENGTH DATA ELEMENTS--GENERAL INFORMATION
fixed length control field 980409s1998 nyu 000 1 eng
010 ## - LIBRARY OF CONGRESS CONTROL NUMBER
LC control number 98012240
020 ## - INTERNATIONAL STANDARD BOOK NUMBER
International Standard Book Number 038531700X
038 ## - RECORD CONTENT LICENSOR
Staff Name waseem
040 ## - CATALOGING SOURCE
Original cataloging agency DLC
Transcribing agency DLC
Modifying agency DLC
-- OCoLC
-- DLC
050 00 - LIBRARY OF CONGRESS CALL NUMBER
Classification number PR6055.V213
Item number L66 1998
082 00 - DEWEY DECIMAL CLASSIFICATION NUMBER
Classification number 813.54
Author Mark EVA
100 1# - MAIN ENTRY--PERSONAL NAME
Personal name Evans, Nicholas,
Dates associated with a name 1950-
9 (RLIN) 22629
245 14 - TITLE STATEMENT
Title The loop /
Statement of responsibility, etc. Nicholas Evans.
260 ## - PUBLICATION, DISTRIBUTION, ETC.
Place of publication, distribution, etc. New York, N.Y. :
Name of publisher, distributor, etc. Delacorte Press,
Date of publication, distribution, etc. c1998.
300 ## - PHYSICAL DESCRIPTION
Extent 434 p. ;
Dimensions 25 cm.
650 #0 - SUBJECT ADDED ENTRY--TOPICAL TERM
Topical term or geographic name entry element Wildlife conservation
Form subdivision Fiction.
9 (RLIN) 22630
650 #0 - SUBJECT ADDED ENTRY--TOPICAL TERM
Topical term or geographic name entry element Women biologists
Form subdivision Fiction.
9 (RLIN) 22631
650 #0 - SUBJECT ADDED ENTRY--TOPICAL TERM
Topical term or geographic name entry element Wolves
Form subdivision Fiction.
9 (RLIN) 22632
651 #0 - SUBJECT ADDED ENTRY--GEOGRAPHIC NAME
Geographic name Montana
Form subdivision Fiction.
9 (RLIN) 22633
655 #7 - INDEX TERM--GENRE/FORM
Genre/form data or focus term Nature stories.
Source of term lcsh
9 (RLIN) 22634
655 #7 - INDEX TERM--GENRE/FORM
Genre/form data or focus term Love stories.
Source of term gsafd
9 (RLIN) 418
856 42 - ELECTRONIC LOCATION AND ACCESS
Materials specified Contributor biographical information
Uniform Resource Identifier <a href="http://www.loc.gov/catdir/bios/random058/98012240.html">http://www.loc.gov/catdir/bios/random058/98012240.html</a>
856 41 - ELECTRONIC LOCATION AND ACCESS
Materials specified Sample text
Uniform Resource Identifier <a href="http://www.loc.gov/catdir/samples/random044/98012240.html">http://www.loc.gov/catdir/samples/random044/98012240.html</a>
856 42 - ELECTRONIC LOCATION AND ACCESS
Materials specified Publisher description
Uniform Resource Identifier <a href="http://www.loc.gov/catdir/description/random0411/98012240.html">http://www.loc.gov/catdir/description/random0411/98012240.html</a>
906 ## - LOCAL DATA ELEMENT F, LDF (RLIN)
a 7
b cbc
c orignew
d 1
e ocip
f 19
g y-gencatlg
942 ## - ADDED ENTRY ELEMENTS (KOHA)
Source of classification or shelving scheme
Koha item type Book
Holdings
Withdrawn status Lost status Source of classification or shelving scheme Damaged status Not for loan Permanent Location Current Location Shelving location Date acquired Source of acquisition Total Checkouts Total Renewals Full call number Barcode Date last seen Date last checked out Price effective from Koha item type
          Central Library (CL) Central Library (CL) Fiction 10/03/2019 Donation 3 4 813.54 EVA CL-D-569 07/19/2024 06/22/2024 10/03/2019 Book
© 2023 Central Library, National University of Sciences and Technology. All Rights Reserved.